| Tag |
First Indicator |
Second Indicator |
Subfields |
| LEADER |
00000cem a2200000Ia 4500 |
| 001 |
in00002405821 |
| 005 |
20211129160044.0 |
| 006 |
m d f |
| 007 |
aj cznzn |
| 007 |
cr cn||||||||| |
| 008 |
080502s2007 vauab af a fs 1 eng d |
| 020 |
|
|
|a 9781411309616
|
| 020 |
|
|
|a 1411309618
|
| 034 |
1 |
|
|a a
|b 1000000
|d E1690000
|e W1580000
|f S0750000
|g S0810000
|
| 035 |
|
|
|a (OCoLC)ocn226970297
|
| 040 |
|
|
|a GPO
|c GPO
|d MvI
|d UtOrBLW
|
| 049 |
|
|
|a WWW
|
| 052 |
|
|
|a 9802
|b R59
|
| 074 |
|
|
|a 0619-G-08 (online)
|
| 086 |
0 |
|
|a I 19.91:I-2600-H
|
| 100 |
1 |
|
|a Ferrigno, Jane G.
|
| 245 |
1 |
0 |
|a Coastal-change and glaciological map of the northern Ross Ice Shelf area, Antarctica, 1962-2004 /
|c by Jane G. Ferrigno [and others] ; prepared in cooperation with the Scott Polar Research Institute, University of Cambridge, United Kingdom.
|
| 246 |
3 |
|
|a Coastal change and glaciological map of the northern Ross Ice Shelf area, Antarctica, 1962-2004
|
| 255 |
|
|
|a Scale 1:1,000,000 ;
|b Polar stereographic proj.
|c (E 169°--W 158°/S 75°--S 81°).
|
| 264 |
|
1 |
|a [Reston, Va.] :
|b U.S. Dept. of the Interior, U.S. Geological Survey,
|c 2007.
|
| 300 |
|
|
|a 1 electronic map :
|b HTML, digital, PDF file.
|
| 336 |
|
|
|a cartographic image
|b cri
|2 rdacontent
|
| 337 |
|
|
|a computer
|b c
|2 rdamedia
|
| 338 |
|
|
|a online resource
|b cr
|2 rdacarrier
|
| 490 |
1 |
|
|a Geologic investigations series map ;
|v I-2600-H
|
| 500 |
|
|
|a Relief shown by contours and shading.
|
| 538 |
|
|
|a Mode of access: Internet from the USGS web site. Address as of 5/2/08: http://pubs.usgs.gov/imap/i-2600-h/ ; current access via PURL.
|
| 500 |
|
|
|a Title from HTML index page (viewed on May 2, 2008).
|
| 500 |
|
|
|a Accompanied by pamphlet (iv, 11 pages).
|
| 500 |
|
|
|a Includes text, graph, and 5 index maps.
|
| 504 |
|
|
|a Includes bibliographical references in pamphlet (pages 7-11).
|
| 500 |
|
|
|a Electronic resource.
|
| 650 |
|
0 |
|a Coast changes
|z Antarctica
|v Maps.
|
| 650 |
|
0 |
|a Glaciers
|z Antarctica
|z Ross Ice Shelf
|v Maps.
|
| 650 |
|
0 |
|a Ice sheets
|v Maps.
|
| 776 |
0 |
|
|t Coastal-change and glaciological map of the northern Ross Ice Shelf area, Antarctica, 1962-2004
|h 1 map
|w (OCoLC)213062148
|
| 710 |
2 |
|
|a Scott Polar Research Institute.
|
| 710 |
2 |
|
|a Geological Survey (U.S.)
|
| 830 |
|
0 |
|a Geologic investigations series ;
|v I-2600-H.
|
| 856 |
4 |
0 |
|u https://purl.fdlp.gov/GPO/LPS93755
|t 0
|
| 999 |
|
|
|a MARS
|
| 999 |
f |
f |
|s da14cbb7-dadc-3010-b5e4-f864119a6d88
|i a5913e06-d6cc-3431-b720-99045d3b4294
|t 0
|
| 952 |
f |
f |
|a Texas A&M University
|b College Station
|c Electronic Resources
|d Available Online
|t 0
|e I 19.91:I-2600-H
|h Superintendent of Documents classification
|
| 998 |
f |
f |
|a I 19.91:I-2600-H
|t 0
|l Available Online
|